000 00833nam a2200313 a 4500
003 AR-BaBNM
005 20251128203601.0
008 082120s2002 ||||||||||||||000 | spa||
040 _cAR-BaBNM
100 1 _aModern, Rodolfo Enrique
245 0 0 _aLiteratura alemana del siglo XX
260 _aBuenos Aires
_bColumba
_c1969
300 _a376 p.
_bil.
490 0 _aNuevos Esquemas
_vv. 22
500 _aContiene referencias bibliográficas en p. 359
500 _aIndice de nombres en p. 363
650 4 _aLITERATURA ALEMANA
650 4 _aHISTORIA LITERARIA
650 4 _aESCRITORES
650 4 _aSIGLO VEINTE
653 _aNATURALISMO
653 _aIMPRESIONISMO
653 _aNEORROMANTICISMO
653 _aNEOCLASICISMO
653 _aEXPRESIONISMO
655 _aLITERATURA
942 _cBK
998 _cMARTIN
999 _c4004
_d4004